Loading...
| Religion | 0 | 5 | 1 | 1 | 45 | 75 | 104.00 | 0 | 2 | 0.00 | 0.00 |
| History - Other | 0 | 5 | 1 | 1 | 45 | 57 | 72.20 | 1 | 3 | 0.00 | 0.00 |
| Mythology | 0 | 4 | 0 | 1 | 40 | 91 | 108.00 | 0 | 2 | 0.00 | 0.00 |
| History - European | 0 | 4 | 2 | 1 | 30 | 40 | 82.00 | 1 | 3 | 0.00 | 0.00 |
| History - World | 0 | 4 | 3 | 0 | 25 | 39 | 68.25 | 1 | 4 | 0.00 | 0.00 |
| Fine Arts - Painting and Sculpture | 0 | 3 | 1 | 0 | 25 | 67 | 99.67 | 1 | 1 | 0.00 | 0.00 |
| Current Events | 0 | 2 | 0 | 0 | 20 | 60 | 79.00 | 0 | 2 | 0.00 | 0.00 |
| Social Science | 0 | 1 | 0 | 0 | 10 | 89 | 89.00 | 0 | 1 | 0.00 | 0.00 |
| Fine Arts - Other | 0 | 1 | 0 | 0 | 10 | 138 | 138.00 | 0 | 0 | 0.00 | 0.00 |
| Literature - American | 0 | 1 | 0 | 0 | 10 | 89 | 89.00 | 0 | 1 | 0.00 | 0.00 |
| Science - Biology | 0 | 1 | 0 | 0 | 10 | 104 | 104.00 | 0 | 1 | 0.00 | 0.00 |
| Literature - European | 0 | 0 | 1 | 0 | -5 | 0.00 | 0 | 0 | 0.00 | 0.00 | |
| History - American | 0 | 0 | 1 | 0 | -5 | 0.00 | 0 | 0 | 0.00 | 0.00 | |
| Philosophy | 0 | 0 | 1 | 0 | -5 | 0.00 | 0 | 0 | 0.00 | 0.00 |